Visualizzazione normale
Vista MARC
- Meijer, Fik,
di Personal Name
Records bibliografici associati: 1
001 - CONTROL NUMBER
- control field: 57533
003 - CONTROL NUMBER IDENTIFIER
- control field:
005 - DATE AND TIME OF LATEST TRANSACTION
- control field: 20181123141144.0
008 - FIXED-LENGTH DATA ELEMENTS
- fixed length control field: 181123|| aca||aabn | a|a d
040 ## - CATALOGING SOURCE
- Original cataloging agency:
- Transcribing agency:
100 ## - HEADING--PERSONAL NAME
- Personal name: Meijer, Fik,
- Dates associated with a name: 1942-,
- Relator term: autore.
670 ## - SOURCE DATA FOUND
- Source citation: Work cat.: ()0: Meijer, Fik, 1942-, autore., Paolo: l'ultimo apostolo /, ©2017.